<?xml version="1.0" encoding="UTF-8"?>
<collection xmlns="http://www.loc.gov/MARC21/slim">
 <record>
  <leader>06198nam a2200421 a 4500</leader>
  <controlfield tag="001">kal5187</controlfield>
  <controlfield tag="003">Gr-AtHEAL</controlfield>
  <controlfield tag="005">20160427103657.0</controlfield>
  <controlfield tag="006">m        d        </controlfield>
  <controlfield tag="008">160413s2015    gr      s           gre|c</controlfield>
  <datafield tag="020" ind1=" " ind2=" ">
   <subfield code="a">9789606033612</subfield>
  </datafield>
  <datafield tag="040" ind1=" " ind2=" ">
   <subfield code="a">GR-AtHEAL</subfield>
   <subfield code="b">gre</subfield>
   <subfield code="c">GR-AtHEAL</subfield>
  </datafield>
  <datafield tag="082" ind1="0" ind2="4">
   <subfield code="a">511</subfield>
   <subfield code="2">23</subfield>
  </datafield>
  <datafield tag="100" ind1="1" ind2=" ">
   <subfield code="a">Κολουντζάκης, Μιχαήλ.</subfield>
   <subfield code="8">2562</subfield>
  </datafield>
  <datafield tag="245" ind1="1" ind2="0">
   <subfield code="a">Διακριτά μαθηματικά</subfield>
   <subfield code="h">[Ηλεκτρονικός πόρος] </subfield>
   <subfield code="c">Κολουντζάκης, Μιχαήλ ; Παπαχριστόδουλος, Χρήστος ; Κριτικός αναγνώστης,Λουλάκης, Μιχαήλ.</subfield>
  </datafield>
  <datafield tag="260" ind1=" " ind2=" ">
   <subfield code="a">Αθήνα :</subfield>
   <subfield code="b">Σύνδεσμος Ελληνικών Ακαδημαϊκών Βιβλιοθηκών,</subfield>
   <subfield code="c">c2015.</subfield>
  </datafield>
  <datafield tag="490" ind1=" " ind2=" ">
   <subfield code="a">Ακαδημαϊκά Ηλεκτρονικά Συγγράμματα και Βοηθήματα Κάλλιπος</subfield>
   <subfield code="8">40</subfield>
  </datafield>
  <datafield tag="505" ind1=" " ind2=" ">
   <subfield code="a">1. Βασικές έννοιες από τη θεωρία συνόλων και τον προτασιακό λογισμό2. Θεωρία αριθμών3. Βασικές αρχές απαρίθμησης4. Προχωρημένη απαρίθμηση5. Εισαγωγή στη θεωρία γραφημάτων6. Διμερή γραφήματα και ταιριάσματα7. Τυπικές γλώσσες και αυτόματα8. Αλγόριθμοι για αυτόματα9. Context free γραμματικές10. Υπολογισιμότητα11. Εισαγωγή στη διακριτή πιθανότητα12. Τυχαίες μεταβλητές και μέση τιμή</subfield>
  </datafield>
  <datafield tag="520" ind1=" " ind2=" ">
   <subfield code="a">Στο βιβλίο αυτό θα περιλαμβάνεται υλικό που υπερκαλύπτει ένα συνηθισμένο μάθημα &quot;Διακριτών Μαθηματικών&quot; όπως το παίρνουν κυρίως φοιτητές σε τμήματα Πληροφορικής.Θα ξεκινάει με τις βασικές έννοιες της Θεωρίας Συνόλων και της Λογικής, σε επίπεδο περισσότερο της γνώσης της γλώσσας και της ορολογίας στους δύο αυτούς τομείς (που θα επιτρέψει την ευκολότερη χρήση τους μετέπειτα στο μάθημα) και χωρίς ιδιαίτερη έμφαση σε δύσκολα θεωρήματα (θα δεχτεί όμως η έννοια του διαγώνιου επιχειρήματος που χρησιμεύει και στην έννοια της αριθμησιμότητας αλλά και της υπολογισιμότητας).Κάποιες βασικές έννοιες της Θεωρίας Αριθμών θα ακολουθήσουν (διαιρετότητα, ανάλυση σε πρώτους, αλγόριθμος Ευκλείδη, υπολογισμοί με υπόλοιπα).Οι ένοιες και τεχνικές απαρίθμησης στη Συνδυαστική καταλαμβάνουν την πρώτη σημαντική ενότητα του μαθήματος και ακολουθούνται από την επόμενη ενότητα που είναι οι κεντρικές έννοιες της θεωρίας Γραφημάτων (βαθμοί, συνεκτικότητα, χρωματισμοί, διμερή γραφήματα, ταιράσματα σε διμερή γραφήματα και δυϊσμός, δέντρα, βασικοί αλγόριθμοι).Μετά την εισαγωγή στην συνδυαστική απαρίθμηση εισάγεται η ένννοια της διακριτής Πιθανότητας, οι τυχαίες μεταβλητές και η μέση τιμή τους που μας δίνουν τη δυνατότητα να δώσουμε πολλές εφαρμογές σε μη πιθανοθεωρητικά (και αλγοριθμικά) προβλήματα.Ως επιπλέον υλικό περιλαμβάνονται στοιχεία της θεωρίας τυπικών γλωσσών: κανονικές γλώσσες, αυτόματα ντετερμινιστικά και μη, αλγόριθμοι για αυτόματα). Το υλικό αυτό πρέπει να θεωρηθεί ως εκτός του βασικού μαθήματος Διακριτών Μαθηματικών και ως επιπλέον υλικό στο οποίο μπορεί να κινηθεί ο διδάσκων αν οι συνθήκες το επιτρέπουν ή ανάγκες το απαιτούν.</subfield>
  </datafield>
  <datafield tag="650" ind1=" " ind2="0">
   <subfield code="a">Computer science</subfield>
   <subfield code="x">Mathematics. </subfield>
   <subfield code="8">2602</subfield>
  </datafield>
  <datafield tag="653" ind1=" " ind2=" ">
   <subfield code="a">Αυτόματα</subfield>
  </datafield>
  <datafield tag="653" ind1=" " ind2=" ">
   <subfield code="a">Θεωρία γραφημάτων</subfield>
  </datafield>
  <datafield tag="653" ind1=" " ind2=" ">
   <subfield code="a">Θεωρία γράφων</subfield>
  </datafield>
  <datafield tag="653" ind1=" " ind2=" ">
   <subfield code="a">Πιθανότητες</subfield>
  </datafield>
  <datafield tag="653" ind1=" " ind2=" ">
   <subfield code="a">Διακριτά μαθηματικά</subfield>
  </datafield>
  <datafield tag="653" ind1=" " ind2=" ">
   <subfield code="a">Μαθηματικά</subfield>
   <subfield code="a">Θεωρία πιθανοτήτων και στοχαστικές διαδικασίες</subfield>
   <subfield code="a">Συνδυαστική πιθανότητα</subfield>
  </datafield>
  <datafield tag="653" ind1=" " ind2=" ">
   <subfield code="a">Μαθηματικά</subfield>
   <subfield code="a">Συνδυαστική </subfield>
   <subfield code="a">Αλγεβρική συνδυαστική</subfield>
  </datafield>
  <datafield tag="653" ind1=" " ind2=" ">
   <subfield code="a">Μαθηματικά</subfield>
   <subfield code="a">Συνδυαστική </subfield>
   <subfield code="a">Συνδυαστική ακρότατων</subfield>
  </datafield>
  <datafield tag="653" ind1=" " ind2=" ">
   <subfield code="a">Μαθηματικά</subfield>
   <subfield code="a">Συνδυαστική </subfield>
   <subfield code="a">Θεωρία γράφων (γραφημάτων)</subfield>
  </datafield>
  <datafield tag="653" ind1=" " ind2=" ">
   <subfield code="a">Μαθηματικά</subfield>
   <subfield code="a">Συνδυαστική </subfield>
   <subfield code="a">Συνδυαστική απαρίθμησης</subfield>
  </datafield>
  <datafield tag="653" ind1=" " ind2=" ">
   <subfield code="a">Επιστήμη υπολογιστών/Πληροφορική</subfield>
   <subfield code="a">Διακριτές δομές</subfield>
  </datafield>
  <datafield tag="700" ind1="1" ind2=" ">
   <subfield code="a">Παπαχριστόδουλος, Χρήστος</subfield>
   <subfield code="e">Συγγραφέας</subfield>
   <subfield code="8">2566</subfield>
  </datafield>
  <datafield tag="700" ind1="1" ind2=" ">
   <subfield code="a">Λουλάκης, Μιχαήλ</subfield>
   <subfield code="e">Κριτικός αναγνώστης</subfield>
   <subfield code="8">2567</subfield>
  </datafield>
  <datafield tag="856" ind1="4" ind2="0">
   <subfield code="u">http://hdl.handle.net/11419/5187</subfield>
   <subfield code="z">Πλήρες Κείμενο - Full text</subfield>
  </datafield>
  <datafield tag="907" ind1=" " ind2=" ">
   <subfield code="a">.b25678838</subfield>
   <subfield code="b">12-06-18</subfield>
   <subfield code="c">29-07-16</subfield>
  </datafield>
  <datafield tag="949" ind1=" " ind2=" ">
   <subfield code="0">0</subfield>
   <subfield code="1">0</subfield>
   <subfield code="2">ddc</subfield>
   <subfield code="4">0</subfield>
   <subfield code="6">511_000000000000000_ΚΟΛ</subfield>
   <subfield code="7">0</subfield>
   <subfield code="8">KALL</subfield>
   <subfield code="8">642</subfield>
   <subfield code="d">2016-04-13</subfield>
   <subfield code="r">2016-04-13</subfield>
   <subfield code="w">2016-04-13</subfield>
   <subfield code="z">511 ΚΟΛ</subfield>
   <subfield code="o">SEAB KALLIPOS</subfield>
  </datafield>
  <datafield tag="998" ind1=" " ind2=" ">
   <subfield code="a">80</subfield>
   <subfield code="a">01</subfield>
   <subfield code="a">02</subfield>
   <subfield code="a">03</subfield>
   <subfield code="a">04</subfield>
   <subfield code="a">05</subfield>
   <subfield code="a">06</subfield>
   <subfield code="a">07</subfield>
   <subfield code="a">08</subfield>
   <subfield code="a">09</subfield>
   <subfield code="a">10</subfield>
   <subfield code="a">11</subfield>
   <subfield code="a">12</subfield>
   <subfield code="a">13</subfield>
   <subfield code="a">14</subfield>
   <subfield code="a">15</subfield>
   <subfield code="a">16</subfield>
   <subfield code="a">17</subfield>
   <subfield code="a">18</subfield>
   <subfield code="a">19</subfield>
   <subfield code="a">20</subfield>
   <subfield code="a">21</subfield>
   <subfield code="a">22</subfield>
   <subfield code="a">23</subfield>
   <subfield code="a">24</subfield>
   <subfield code="a">25</subfield>
   <subfield code="a">26</subfield>
   <subfield code="b">12-05-17</subfield>
   <subfield code="c">m</subfield>
   <subfield code="d">z  </subfield>
   <subfield code="e">-</subfield>
   <subfield code="f">gre</subfield>
   <subfield code="g">gr </subfield>
   <subfield code="h">0</subfield>
  </datafield>
  <datafield tag="942" ind1=" " ind2=" ">
   <subfield code="2">ddc</subfield>
   <subfield code="c">KALLIPOS</subfield>
  </datafield>
 </record>
</collection>
